[Event "Vecindario Montalvo Memorial 16th"]
[Site "Vecindario"]
[Date "2024.03.31"]
[Round "9"]
[White "Macias Reyes, Jose Luis"]
[Black "Perez Celis, Alba"]
[Result "0-1"]
[WhiteElo "1677"]
[BlackElo "1854"]
[PlyCount "64"]
[EventDate "2024.03.23"]
[EventType "swiss"]
[EventRounds "9"]
[EventCountry "ESP"]
[SourceTitle "CB15_2024"]
[SourceDate "2024.04.10"]
[SourceVersion "1"]
[SourceVersionDate "2024.04.10"]
[SourceQuality "1"]

1. d4 Nf6 2. Bf4 g6 3. e3 Bg7 4. Nf3 d6 5. Be2 Nbd7 6. h3 0-0 7. 0-0 Qe8 8. Bh2 e5 9. c4 Ne4 10. Qc2 f5 11. Nc3 Nxc3 12. bxc3 c5 13. Rfe1 Nb6 14. a4 Bd7 15. a5 Nc8 16. Rab1 b6 17. axb6 Nxb6 18. Ra1 Qe7 19. Ra5 e4 20. Nd2 g5 21. Nb3 cxd4 22. cxd4 f4 23. exf4 gxf4 24. Bf3 d5 25. cxd5 Qb4 26. Qd2 Qxb3 27. Be2 f3 28. Bf1 Nc4 29. Bxc4 Qxc4 30. Rxe4 Bb5 31. Ra1 fxg2 32. Be5 Qf1+ 0-1

[Event "La Palma Island op"]
[Site "Santa Cruz de La Palma"]
[Date "2023.08.05"]
[Round "1"]
[White "Estremera Panos, Sergio"]
[Black "Macias Reyes, Jose Luis"]
[Result "1-0"]
[WhiteElo "2270"]
[BlackElo "1558"]
[PlyCount "49"]
[EventDate "2023.08.05"]
[EventType "swiss"]
[EventRounds "9"]
[EventCountry "ESP"]
[SourceTitle "CBM 215 Extra"]
[Source "ChessBase"]
[SourceDate "2023.09.30"]
[SourceVersion "1"]
[SourceVersionDate "2023.09.30"]
[SourceQuality "1"]

1. d4 d5 2. c4 c6 3. Nf3 Nf6 4. e3 a6 5. Nc3 b5 6. c5 Bg4 7. Qb3 Nbd7 8. a4 e6 9. Qa3 Rb8 10. b4 Be7 11. Be2 Bxf3 12. Bxf3 e5 13. Bd2 Qc7 14. axb5 axb5 15. Qa7 Rb7 16. Qa5 0-0 17. Qxc7 Rxc7 18. 0-0 e4 19. Be2 Nb8 20. Ra8 Nfd7 21. Rfa1 f5 22. Bxb5 cxb5 23. Nxd5 Bd8 24. Nxc7 Bxc7 25. R1a7 1-0

[Event "Gran Canaria-ch Seniors"]
[Site "Arucas"]
[Date "2023.04.26"]
[Round "7.5"]
[White "Guerra Aleman, Marcial"]
[Black "Macias Reyes, Jose Luis"]
[Result "1-0"]
[WhiteElo "1622"]
[BlackElo "1495"]
[PlyCount "49"]
[EventDate "2023.04.12"]
[EventType "swiss"]
[EventRounds "7"]
[EventCountry "ESP"]
[SourceTitle "EXT 2024"]
[Source "ChessBase"]
[SourceDate "2023.10.10"]
[SourceVersion "1"]
[SourceVersionDate "2023.10.10"]
[SourceQuality "1"]

1. Nf3 d5 2. d4 Nf6 3. c4 c6 4. Qc2 g6 5. Nbd2 Bf5 6. Qb3 Qc7 7. Ne5 Nbd7 8. Ndf3 dxc4 9. Qxc4 Bg7 10. Qxf7+ Kd8 11. Qxg7 Rg8 12. Qf7 Qd6 13. Qc4 Be6 14. Qd3 Ke8 15. e3 Rd8 16. Be2 Nb6 17. b3 g5 18. Nd2 c5 19. Ba3 Qb8 20. Bxc5 Nbd7 21. Nxd7 Rxd7 22. Ne4 b6 23. Nxf6+ exf6 24. Qe4 Kf7 25. Bh5+ 1-0

[Event "Vecindario Montalvo Memorial 15th"]
[Site "Vecindario"]
[Date "2023.04.07"]
[Round "7"]
[White "Macias Reyes, Jose Luis"]
[Black "Marrero Lopez, Agustin"]
[Result "1/2-1/2"]
[WhiteElo "1495"]
[BlackElo "1791"]
[PlyCount "81"]
[EventDate "2023.04.02"]
[EventType "swiss"]
[EventRounds "9"]
[EventCountry "ESP"]
[SourceTitle "CBM 213 Extra"]
[Source "ChessBase"]
[SourceDate "2023.05.31"]
[SourceVersion "1"]
[SourceVersionDate "2023.05.31"]
[SourceQuality "1"]

1. d4 d5 2. Bf4 g6 3. Nf3 Bg7 4. e3 Nf6 5. Be2 Nbd7 6. h3 c6 7. 0-0 0-0 8. c4 e6 9. Nc3 Re8 10. cxd5 exd5 11. b4 Ne4 12. Nxe4 Rxe4 13. Nd2 Re8 14. Rb1 Nf6 15. Bd3 a6 16. a4 b5 17. axb5 axb5 18. Nb3 Ne4 19. Qc2 Bd7 20. Na5 Qb6 21. Rfc1 Rac8 22. Bxe4 Rxe4 23. Bd6 Ree8 24. Qc5 Qxc5 25. Rxc5 Re6 26. Bg3 Bf8 27. Rcc1 Ra8 28. Nb7 Ra6 29. Nc5 Bxc5 30. dxc5 Re8 31. Bc7 Ra4 32. Ba5 Ra3 33. Ra1 Rb3 34. Rab1 Rd3 35. Rd1 Rc3 36. Rd4 Rc4 37. Rbd1 Re4 38. Rxe4 Rxe4 39. Rd4 Rxd4 40. Bc7 Re4 41. Bg3 1/2-1/2

[Event "Gran Canaria Cabildo Cup"]
[Site "Gran Canaria"]
[Date "2022.04.10"]
[Round "1"]
[White "Bressac, Stephane"]
[Black "Macias Reyes, Jose Luis"]
[Result "1-0"]
[WhiteElo "2295"]
[BlackElo "1529"]
[PlyCount "63"]
[EventDate "2022.04.10"]
[EventType "swiss"]
[EventRounds "7"]
[EventCountry "ESP"]
[SourceTitle "CBM 207 Extra"]
[Source "ChessBase"]
[SourceDate "2022.05.31"]
[SourceVersion "1"]
[SourceVersionDate "2022.05.31"]
[SourceQuality "1"]

1. e4 c6 2. d4 d5 3. Nd2 dxe4 4. Nxe4 Nd7 5. Bd3 Ngf6 6. Ng5 e6 7. Qe2 Bd6 8. N1f3 h6 9. Ne4 Nxe4 10. Qxe4 Nf6 11. Qe2 Qc7 12. 0-0 0-0 13. b3 Bd7 14. c4 c5 15. dxc5 Qxc5 16. Bb2 Be7 17. Ne5 Bc6 18. Rad1 Rad8 19. Kh1 Nd7 20. Bd4 Qa5 21. Nxc6 bxc6 22. Qe4 g6 23. Qxc6 Ne5 24. Qe4 Nxd3 25. Rxd3 Rfe8 26. Rg3 Kh7 27. Bc3 Qc7 28. h4 h5 29. Rf3 Bf8 30. Be5 Qd7 31. Qf4 Kg8 32. Qf6 1-0

[Event "Gran Canaria Cabildo Cup"]
[Site "Gran Canaria"]
[Date "2022.04.10"]
[Round "2"]
[White "Macias Reyes, Jose Luis"]
[Black "Matos Espino, Carlos Silverio"]
[Result "1-0"]
[WhiteElo "1529"]
[BlackElo "1201"]
[PlyCount "97"]
[EventDate "2022.04.10"]
[EventType "swiss"]
[EventRounds "7"]
[EventCountry "ESP"]
[SourceTitle "CBM 207 Extra"]
[Source "ChessBase"]
[SourceDate "2022.05.31"]
[SourceVersion "1"]
[SourceVersionDate "2022.05.31"]
[SourceQuality "1"]

1. d4 d5 2. Bf4 Nf6 3. e3 Bf5 4. c4 c6 5. Nc3 e6 6. Qb3 Qd7 7. Nf3 Ne4 8. Ne5 Qe7 9. Rc1 Qb4 10. Be2 f6 11. Nf3 Nd7 12. h3 a5 13. c5 b6 14. cxb6 Nxb6 15. 0-0 Nc4 16. Bxc4 dxc4 17. Qa4 Rc8 18. Qxb4 axb4 19. Nxe4 Bxe4 20. Rfd1 Bd5 21. Nd2 c5 22. e4 Bb7 23. Rxc4 Ba6 24. Rcc1 cxd4 25. Rxc8+ Bxc8 26. e5 g5 27. Bg3 f5 28. f4 Bh6 29. fxg5 Bxg5 30. Nf3 Bh6 31. Nxd4 Rg8 32. Kf2 Kf7 33. Nc6 Bf8 34. Rd3 Bc5+ 35. Ke1 Kg6 36. Bf2 Bf8 37. Rb3 Ba6 38. Nxb4 Bc4 39. Rg3+ Kf7 40. a3 Bxb4+ 41. axb4 Rb8 42. Bc5 Bd5 43. h4 h6 44. Kd2 Be4 45. h5 Bc6 46. Rg6 Rh8 47. Rf6+ Kg7 48. Rxe6 Bxg2 49. Rg6+ 1-0

[Event "Gran Canaria-ch Seniors 50"]
[Site "Gran Canaria"]
[Date "2020.02.14"]
[Round "4"]
[White "Santana Mateo, Carmen Celia"]
[Black "Macias Reyes, Jose Luis"]
[Result "0-1"]
[WhiteElo "1205"]
[BlackElo "1589"]
[PlyCount "124"]
[EventDate "2020.02.04"]
[EventType "swiss"]
[EventRounds "7"]
[EventCountry "ESP"]
[SourceTitle "CBM 195 Extra"]
[Source "ChessBase"]
[SourceDate "2020.05.31"]
[SourceVersion "1"]
[SourceVersionDate "2020.05.31"]
[SourceQuality "1"]

1. e4 c5 2. Nf3 d6 3. d4 cxd4 4. Nxd4 Nf6 5. Nc3 a6 6. Bd3 e5 7. Nf3 Be6 8. Bg5 Nbd7 9. 0-0 Be7 10. b3 Qc7 11. Na4 b5 12. Nb2 Nc5 13. Re1 0-0 14. a3 Rac8 15. b4 Nxd3 16. cxd3 Qc3 17. Qb1 Qc7 18. h3 h6 19. Bd2 Qb7 20. Nd1 Rc6 21. Ne3 Rfc8 22. Rc1 Nh5 23. d4 Rxc1+ 24. Bxc1 exd4 25. Nxd4 Bf6 26. Bb2 Bg5 27. Nxe6 fxe6 28. Qa2 Qxe4 29. Rc1 Rf8 30. Re1 Nf4 31. f3 Qd3 32. Bc1 d5 33. a4 bxa4 34. Qxa4 Ne2+ 35. Kh1 Nxc1 36. Ng4 Ne2 37. Qd1 Qxd1 38. Rxd1 Kf7 39. Ne5+ Ke7 40. Ng6+ Kf7 41. Nxf8 Kxf8 42. Re1 Nd4 43. Ra1 Be7 44. Rxa6 Bxb4 45. Ra4 Bc3 46. Kg1 Ke7 47. Kf2 Nf5 48. g4 Nd6 49. Ke2 Kf6 50. f4 d4 51. Kd3 Nf7 52. Ra6 g6 53. h4 h5 54. g5+ Kf5 55. Ra7 Nd6 56. Ra6 Ne4 57. Ra8 Kxf4 58. Rg8 Kg4 59. Rxg6 Kxh4 60. Rxe6 Nc5+ 61. Kc4 Nxe6 62. g6 Kg5 0-1

[Event "Gran Canaria-ch Seniors 50"]
[Site "Gran Canaria"]
[Date "2020.02.11"]
[Round "3"]
[White "Macias Reyes, Jose Luis"]
[Black "Kleine, Peter"]
[Result "0-1"]
[WhiteElo "1589"]
[BlackElo "1525"]
[PlyCount "114"]
[EventDate "2020.02.04"]
[EventType "swiss"]
[EventRounds "7"]
[EventCountry "ESP"]
[SourceTitle "CBM 195 Extra"]
[Source "ChessBase"]
[SourceDate "2020.05.31"]
[SourceVersion "1"]
[SourceVersionDate "2020.05.31"]
[SourceQuality "1"]

1. d4 d5 2. c4 c6 3. Nf3 Nf6 4. Nc3 dxc4 5. a4 Bf5 6. e3 e6 7. Bxc4 Bb4 8. 0-0 a5 9. Nd2 0-0 10. Na2 Be7 11. b3 Na6 12. Bb2 Bg4 13. f3 Bh5 14. Kh1 Nd5 15. Re1 Bg5 16. Nf1 f5 17. e4 fxe4 18. Rxe4 Nac7 19. Re5 Bg6 20. Nc3 Bf4 21. Re1 Qg5 22. g3 Bd6 23. Ne4 Qe7 24. Nxd6 Qxd6 25. f4 b5 26. Bd3 Bxd3 27. Qxd3 Nb4 28. Qc3 Rad8 29. Re5 Ncd5 30. Qf3 Nc2 31. Rc1 Ndb4 32. Rd1 Rf5 33. Ne3 Nxe3 34. Rxe3 bxa4 35. bxa4 Rd5 36. Qe2 Kf7 37. Re1 Re8 38. Kg1 c5 39. dxc5 Qxc5 40. Qg4 g6 41. Kh1 Rf5 42. Qe2 Nc2 43. Rxe6 Nxe1 44. Rxe8 Qc6+ 45. Re4 Nc2 46. Kg1 Qb6+ 47. Kf1 Qxb2 48. Re7+ Kf8 49. Qe6 Qc1+ 50. Kg2 Qd2+ 51. Kh3 Rh5+ 52. Kg4 Qd1+ 53. Qe2 Qxe2+ 54. Rxe2 Nb4 55. Re5 Rxe5 56. fxe5 Ke7 57. h4 Nd3 0-1

[Event "Las Palmas de Gran Canaria op 1st"]
[Site "Las Palmas de Gran Canaria"]
[Date "2019.12.20"]
[Round "4"]
[White "Santana Chacopino, Carlos"]
[Black "Macias Reyes, Jose Luis"]
[Result "0-1"]
[WhiteElo "1388"]
[BlackElo "1571"]
[PlyCount "38"]
[EventDate "2019.10.12"]
[EventType "swiss"]
[EventRounds "6"]
[EventCountry "ESP"]
[SourceTitle "EXT 2024"]
[Source "ChessBase"]
[SourceDate "2023.10.10"]
[SourceVersion "1"]
[SourceVersionDate "2023.10.10"]
[SourceQuality "1"]

1. d4 d5 2. Bf4 Nf6 3. Nf3 c5 4. e3 Nc6 5. c3 Qb6 6. Qb3 c4 7. Qxb6 axb6 8. Nbd2 b5 9. Ne5 Bf5 10. Nxc6 bxc6 11. Be5 e6 12. Bxf6 gxf6 13. g3 b4 14. Bg2 bxc3 15. bxc3 Bc2 16. 0-0 Bd3 17. Rfc1 Ba3 18. Re1 Bb2 19. e4 Bxc3 0-1

[Event "Gran Canaria Santana Memorial 7th"]
[Site "Gran Canaria"]
[Date "2019.11.12"]
[Round "3"]
[White "Almeida Cubas, Mirella"]
[Black "Macias Reyes, Jose Luis"]
[Result "1-0"]
[WhiteElo "1456"]
[BlackElo "1567"]
[PlyCount "65"]
[EventDate "2019.11.05"]
[EventType "swiss"]
[EventRounds "7"]
[EventCountry "ESP"]
[SourceTitle "CBM 193 Extra"]
[Source "ChessBase"]
[SourceDate "2020.01.31"]
[SourceVersion "1"]
[SourceVersionDate "2020.01.31"]
[SourceQuality "1"]

1. c4 e5 2. Nc3 Nf6 3. g3 d5 4. cxd5 Nxd5 5. Bg2 Nb6 6. Nf3 Nc6 7. 0-0 Be7 8. d3 0-0 9. a3 a5 10. Rb1 a4 11. b3 axb3 12. Rxb3 Be6 13. Rb5 f6 14. a4 Nd4 15. Nxd4 exd4 16. Nb1 c6 17. Rb2 Rxa4 18. Rxb6 Qxb6 19. Qxa4 Qxb1 20. Qxd4 Qa2 21. Qb2 Qa6 22. Be3 b5 23. Ra1 Qb7 24. Ra7 Qb8 25. Rxe7 Qd6 26. Ra7 b4 27. Qd4 Qb8 28. Bxc6 b3 29. Rb7 Qc8 30. Bd5 Kh8 31. Rxb3 Bh3 32. Qc5 Qd8 33. Bf4 1-0

[Event "Lanzarote op"]
[Site "Lanzarote"]
[Date "2019.06.27"]
[Round "5"]
[White "Macias Reyes, Jose Luis"]
[Black "Morales Diaz, Pablo"]
[Result "1-0"]
[WhiteElo "1527"]
[BlackElo "1295"]
[PlyCount "45"]
[EventDate "2019.06.24"]
[EventType "swiss"]
[EventRounds "9"]
[EventCountry "ESP"]
[SourceTitle "CBM 191 Extra"]
[Source "ChessBase"]
[SourceDate "2019.09.30"]
[SourceVersion "1"]
[SourceVersionDate "2019.09.30"]
[SourceQuality "1"]

1. d4 d5 2. c4 e6 3. Nc3 Nf6 4. cxd5 exd5 5. Bg5 Be7 6. Qc2 0-0 7. e3 Nbd7 8. Bd3 b6 9. Nge2 Bb7 10. 0-0 Qe8 11. f3 Bb4 12. e4 h6 13. Bxf6 Nxf6 14. e5 Nd7 15. a3 Bxc3 16. Qxc3 Rc8 17. Rfe1 c5 18. Qd2 cxd4 19. Nxd4 Nxe5 20. f4 Qa4 21. Bb1 Nc4 22. Qd3 Nxb2 23. Qh7# 1-0

[Event "Canarias-chT"]
[Site "Vecindario"]
[Date "2019.06.14"]
[Round "3.4"]
[White "Macias Reyes, Jose Luis"]
[Black "Pujales Llanos, Jose Manuel"]
[Result "1/2-1/2"]
[WhiteElo "1527"]
[BlackElo "1855"]
[PlyCount "104"]
[EventDate "2019.06.13"]
[EventType "team-swiss"]
[EventRounds "6"]
[EventCountry "ESP"]
[SourceTitle "EXT 2020"]
[Source "ChessBase"]
[SourceDate "2019.10.17"]
[SourceVersion "1"]
[SourceVersionDate "2019.10.17"]
[SourceQuality "1"]
[WhiteTeam "Sociedad La Montana"]
[BlackTeam "La Caja de Canarias"]
[WhiteTeamCountry "ESP"]
[BlackTeamCountry "ESP"]

1. d4 Nf6 2. Bf4 c5 3. c3 Qb6 4. Qb3 d5 5. Nd2 e6 6. e3 Be7 7. Ngf3 0-0 8. Be2 Nc6 9. h3 Bd7 10. 0-0 Qxb3 11. axb3 Rfc8 12. Ne5 Nxe5 13. Bxe5 Ne8 14. Ra2 f6 15. Bg3 Bd6 16. Bxd6 Nxd6 17. dxc5 Rxc5 18. Rfa1 a6 19. b4 Rc7 20. Nb3 Bb5 21. Bxb5 Nxb5 22. Nd4 Nxd4 23. exd4 Rd8 24. Re1 Kf7 25. f4 h5 26. g3 Re8 27. Ra5 g6 28. b5 axb5 29. Rxb5 Ra8 30. Rb6 Ra6 31. Rexe6 Rxb6 32. Rxb6 Re7 33. Kf2 Rd7 34. Ke3 Re7+ 35. Kd2 h4 36. g4 Re4 37. Rxb7+ Ke6 38. Rb6+ Ke7 39. f5 gxf5 40. gxf5 Rf4 41. Re6+ Kf7 42. b3 Rxf5 43. Re3 Rf2+ 44. Kd3 Rb2 45. Rf3 Kg6 46. Rf4 Kg5 47. Rg4+ Kh5 48. Rg8 Rxb3 49. Rh8+ Kg5 50. Rg8+ Kh5 51. Rh8+ Kg5 52. Rg8+ Kh5 1/2-1/2

[Event "Canarias-chT"]
[Site "Vecindario"]
[Date "2019.06.13"]
[Round "1.4"]
[White "Macias Reyes, Jose Luis"]
[Black "Rodriguez Mesa, Alejandro"]
[Result "1-0"]
[WhiteElo "1527"]
[BlackElo "1417"]
[PlyCount "80"]
[EventDate "2019.06.13"]
[EventType "team-swiss"]
[EventRounds "6"]
[EventCountry "ESP"]
[SourceTitle "EXT 2020"]
[Source "ChessBase"]
[SourceDate "2019.10.17"]
[SourceVersion "1"]
[SourceVersionDate "2019.10.17"]
[SourceQuality "1"]
[WhiteTeam "Sociedad La Montana"]
[BlackTeam "La Caja de Canarias III"]
[WhiteTeamCountry "ESP"]
[BlackTeamCountry "ESP"]

1. d4 d5 2. c4 Nf6 3. Nc3 e6 4. cxd5 Nxd5 5. e4 Nxc3 6. bxc3 a6 7. Nf3 Be7 8. Bd3 Nd7 9. 0-0 Nf8 10. Re1 Ng6 11. a4 h6 12. Qc2 Bg5 13. g3 Bxc1 14. Raxc1 Qf6 15. Re3 e5 16. Kg2 0-0 17. h3 h5 18. h4 Qd6 19. d5 Bg4 20. c4 Qd7 21. Be2 f5 22. exf5 Rxf5 23. Bd3 Bxf3+ 24. Rxf3 Rxf3 25. Kxf3 Qg4+ 26. Kg2 Nxh4+ 27. Kf1 Nf3 28. Bf5 Qg5 29. Be6+ Kh8 30. Qb2 Nd4 31. Re1 b6 32. a5 b5 33. cxb5 axb5 34. Qa2 Nxe6 35. dxe6 Re8 36. a6 Ra8 37. Qd5 Rxa6 38. Rxe5 Qe7 39. Kg2 Ra8 40. Rxh5+ Kg8 1-0

[Event "Liga Insular Gran Canaria 1b"]
[Site "Las Palmas"]
[Date "2019.05.18"]
[Round "7.3"]
[White "Macias Reyes, Jose Luis"]
[Black "Suarez Rodriguez, Doramas"]
[Result "1-0"]
[WhiteElo "1553"]
[BlackElo "1637"]
[PlyCount "70"]
[EventDate "2019.03.02"]
[EventType "team-tourn"]
[EventRounds "7"]
[EventCountry "ESP"]
[SourceTitle "EXT 2021"]
[Source "ChessBase"]
[SourceDate "2020.10.23"]
[SourceVersion "1"]
[SourceVersionDate "2020.10.23"]
[SourceQuality "1"]
[WhiteTeam "Sociedad La Montana III"]
[BlackTeam "La Aldea"]
[WhiteTeamCountry "ESP"]
[BlackTeamCountry "ESP"]

1. d4 d5 2. c4 e6 3. Nc3 Nf6 4. cxd5 exd5 5. Bg5 Be7 6. e3 h6 7. Bh4 Bf5 8. Qb3 b6 9. Bxf6 Bxf6 10. Qxd5 Qxd5 11. Nxd5 Bd8 12. Rc1 c6 13. Nb4 Bd7 14. Nf3 a5 15. Nd3 f6 16. Be2 0-0 17. 0-0 Na6 18. a3 Re8 19. Nd2 Bc7 20. Bf3 Rac8 21. Rc3 Bd6 22. Rfc1 Nb8 23. Nc4 Bc7 24. h3 b5 25. Nd2 Bd6 26. Ne4 Bf8 27. Nec5 Bf5 28. g4 Bg6 29. Nb7 b4 30. axb4 Bxd3 31. Rxd3 axb4 32. Nc5 Bxc5 33. Rxc5 Re6 34. Bd5 Kf7 35. Bxe6+ Kxe6 1-0

[Event "Las Palmas Montalvo Memorial 12th"]
[Site "Las Palmas"]
[Date "2019.04.13"]
[Round "1"]
[White "Macias Reyes, Jose Luis"]
[Black "Perez Guerra, Raul"]
[Result "0-1"]
[WhiteElo "1525"]
[BlackElo "2093"]
[PlyCount "68"]
[EventDate "2019.04.13"]
[EventType "swiss"]
[EventRounds "9"]
[EventCountry "ESP"]
[SourceTitle "CBM 189 Extra"]
[Source "ChessBase"]
[SourceDate "2019.06.03"]
[SourceVersion "1"]
[SourceVersionDate "2019.06.03"]
[SourceQuality "1"]

1. d4 d5 2. Bf4 Bg4 3. h3 Bh5 4. Nf3 Nf6 5. e3 e6 6. Be2 Bd6 7. Bxd6 cxd6 8. 0-0 0-0 9. c4 Qb6 10. Qb3 Qxb3 11. axb3 Nc6 12. g4 Bg6 13. Rc1 h6 14. Nc3 Rfd8 15. Nb5 a6 16. Nc3 Nb4 17. Ra4 Nd3 18. Bxd3 Bxd3 19. cxd5 exd5 20. Ne1 Bh7 21. Ra5 Rac8 22. Nc2 Rc6 23. f3 Rb6 24. b4 Rc8 25. Ra4 Kf8 26. Kf2 Rc4 27. b5 axb5 28. Rb4 Bxc2 29. Rxc4 dxc4 30. Rxc2 b4 31. Nb1 Rc6 32. Ke2 b5 33. b3 c3 34. Kd3 Ra6 0-1

[Event "Gran Canaria Cabildo op"]
[Site "Gran Canaria"]
[Date "2019.03.22"]
[Round "4"]
[White "Macias Reyes, Jose Luis"]
[Black "Almeida Cubas, Mirella"]
[Result "1-0"]
[WhiteElo "1553"]
[BlackElo "1435"]
[PlyCount "147"]
[EventDate "2019.03.12"]
[EventType "swiss"]
[EventRounds "7"]
[EventCountry "ESP"]
[SourceTitle "CBM 189 Extra"]
[Source "ChessBase"]
[SourceDate "2019.06.03"]
[SourceVersion "1"]
[SourceVersionDate "2019.06.03"]
[SourceQuality "1"]

1. d4 Nf6 2. c4 c5 3. d5 d6 4. Nc3 g6 5. e4 Bg7 6. Bd3 0-0 7. h3 e6 8. Nf3 exd5 9. cxd5 a6 10. a4 Nbd7 11. 0-0 Re8 12. Bf4 Qc7 13. Re1 Rb8 14. a5 c4 15. Bf1 b5 16. axb6 Rxb6 17. Na4 Rb4 18. Qc2 Nc5 19. e5 dxe5 20. Bxe5 Qa7 21. Nxc5 Qxc5 22. Bd4 Qxd5 23. Qc3 Rb3 24. Qxc4 Qxc4 25. Bxc4 Rb8 26. Bxf6 Rxe1+ 27. Rxe1 Bxf6 28. Re8+ Kg7 29. Bxa6 Bxb2 30. Rxc8 Rb6 31. Bc4 Ba3 32. g4 Bd6 33. Ra8 Rb7 34. Kg2 Rc7 35. Ba2 Re7 36. g5 h6 37. h4 h5 38. Ra6 Bb4 39. Rb6 Ba3 40. Ra6 Bb4 41. Nd4 Re4 42. Nf3 Re7 43. Ra4 Bd6 44. Nd2 Re2 45. Ne4 Bb8 46. Nf6 Re7 47. Rb4 Be5 48. Ne4 Rc7 49. Rc4 Ra7 50. Rc5 Bd4 51. Rd5 Bxf2 52. Kxf2 Rxa2+ 53. Kf3 Rh2 54. Rd8 Ra2 55. Nf6 Rf2+ 56. Ke4 Re2+ 57. Kf4 Rf2+ 58. Ke5 Rf5+ 59. Kd6 Rxf6+ 60. gxf6+ Kxf6 61. Ra8 g5 62. Ra5 g4 63. Rxh5 Kg7 64. Rg5+ Kh6 65. Rxg4 f5 66. Rg5 f4 67. Rf5 Kg6 68. Rxf4 Kh5 69. Ke6 Kg6 70. Rf5 Kh6 71. Kf6 Kh7 72. Kf7 Kh6 73. Rg5 Kh7 74. Rh5# 1-0

[Event "Gran Canaria Cabildo op"]
[Site "Gran Canaria"]
[Date "2019.03.19"]
[Round "3"]
[White "Perez Bolanos, Joel"]
[Black "Macias Reyes, Jose Luis"]
[Result "1-0"]
[WhiteElo "1842"]
[BlackElo "1553"]
[PlyCount "53"]
[EventDate "2019.03.12"]
[EventType "swiss"]
[EventRounds "7"]
[EventCountry "ESP"]
[SourceTitle "CBM 189 Extra"]
[Source "ChessBase"]
[SourceDate "2019.06.03"]
[SourceVersion "1"]
[SourceVersionDate "2019.06.03"]
[SourceQuality "1"]

1. e4 c6 2. d4 d5 3. e5 Bf5 4. Nf3 e6 5. Be2 Nd7 6. 0-0 Bg6 7. c4 Nh6 8. Nc3 Nf5 9. Bf4 Be7 10. cxd5 cxd5 11. Rc1 a6 12. g4 Nh4 13. Nxh4 Bxh4 14. Bg3 0-0 15. f4 Bxg3 16. hxg3 f5 17. gxf5 Bxf5 18. Bd3 Qb6 19. Bxf5 Rxf5 20. Na4 Qd8 21. g4 Rf8 22. f5 Qh4 23. Qf3 Kh8 24. Rc7 Rac8 25. Rxc8 Rxc8 26. fxe6 Nb8 27. Qf8+ 1-0

[Event "Gran Canaria Cabildo op"]
[Site "Gran Canaria"]
[Date "2019.03.12"]
[Round "1"]
[White "Sosa Suarez, Carla Cristina"]
[Black "Macias Reyes, Jose Luis"]
[Result "1-0"]
[WhiteElo "1981"]
[BlackElo "1553"]
[PlyCount "73"]
[EventDate "2019.03.12"]
[EventType "swiss"]
[EventRounds "7"]
[EventCountry "ESP"]
[SourceTitle "CBM 189 Extra"]
[Source "ChessBase"]
[SourceDate "2019.06.03"]
[SourceVersion "1"]
[SourceVersionDate "2019.06.03"]
[SourceQuality "1"]

1. e4 c6 2. d4 d5 3. e5 Bf5 4. Be3 e6 5. Nd2 Nd7 6. f4 Nh6 7. Be2 Be7 8. g4 Bh4+ 9. Kf1 Be4 10. Nxe4 dxe4 11. Nh3 Ng8 12. c4 Ne7 13. Qc2 Qc7 14. b4 f5 15. exf6 Nxf6 16. Ng5 Qd7 17. Nxe4 0-0 18. Kg2 h5 19. h3 Rad8 20. Rhg1 hxg4 21. hxg4 g5 22. Nxg5 e5 23. dxe5 Bxg5 24. exf6 Bxf6 25. Rh1 Rf7 26. Rad1 Qc7 27. Bd3 Rg7 28. Kf3 Nc8 29. g5 Be7 30. Bh7+ Kf8 31. Qf5+ Rf7 32. Qg6 Rg7 33. Qh6 Rd6 34. Rxd6 Qxd6 35. Qxd6 Nxd6 36. Bd4 Rf7 37. Bg6 1-0

[Event "Gran Canaria op Seniors"]
[Site "Gran Canaria"]
[Date "2019.02.14"]
[Round "3"]
[White "Macias Reyes, Jose Luis"]
[Black "Diaz Hernandez, Juan Jose"]
[Result "1-0"]
[WhiteElo "1553"]
[BlackElo "1001"]
[PlyCount "75"]
[EventDate "2019.02.07"]
[EventType "swiss"]
[EventRounds "7"]
[EventCountry "ESP"]
[SourceTitle "CBM 189 Extra"]
[Source "ChessBase"]
[SourceDate "2019.06.03"]
[SourceVersion "1"]
[SourceVersionDate "2019.06.03"]
[SourceQuality "1"]

1. d4 Nf6 2. c4 d5 3. Nc3 e6 4. Bg5 Be7 5. Qc2 dxc4 6. e3 Nc6 7. a3 Na5 8. Nf3 a6 9. a4 Bd7 10. Ne5 b5 11. Nxd7 Qxd7 12. Rd1 Nb3 13. Be2 c6 14. Bf3 Qd6 15. axb5 axb5 16. Nxb5 Qb4+ 17. Nc3 Nd5 18. Bxe7 Kxe7 19. 0-0 Nxc3 20. bxc3 Qa4 21. Qe4 Rac8 22. Qh4+ Kf8 23. e4 Qa2 24. Qf4 Qa8 25. d5 Nc5 26. Qd6+ Kg8 27. Qxc5 cxd5 28. Qe3 h6 29. exd5 exd5 30. Rxd5 Re8 31. Re5 Rxe5 32. Bxa8 Rxe3 33. fxe3 Kh7 34. Be4+ g6 35. Rxf7+ Kg8 36. Bd5 Rh7 37. Rxh7+ Kxh7 38. Bxc4 1-0

[Event "Puerto del Rosario op U2300 "]
[Site "Puerto del Rosario"]
[Date "2018.09.29"]
[Round "5"]
[White "Mamani Beltran, Daniel"]
[Black "Macias Reyes, Jose Luis"]
[Result "1-0"]
[WhiteElo "1807"]
[BlackElo "1576"]
[PlyCount "49"]
[EventDate "2018.09.27"]
[EventType "swiss"]
[EventRounds "7"]
[EventCountry "ESP"]
[SourceTitle "CBM 187 Extra"]
[Source "ChessBase"]
[SourceDate "2018.11.04"]
[SourceVersion "1"]
[SourceVersionDate "2018.11.04"]
[SourceQuality "1"]

1. d4 d5 2. c4 c6 3. Nf3 Nf6 4. e3 Nbd7 5. b3 e6 6. Be2 Bd6 7. Bb2 0-0 8. 0-0 Qc7 9. Nc3 b6 10. Rc1 Qb7 11. Qc2 Re8 12. e4 dxe4 13. Nxe4 Nxe4 14. Qxe4 Nf6 15. Qh4 Be7 16. Bd3 h6 17. Ne5 c5 18. dxc5 bxc5 19. Ng4 Nh7 20. Nxh6+ Kh8 21. Qh5 Bf6 22. Ba3 Ng5 23. Bxc5 Re7 24. Bxe7 Qxe7 25. Nf5+ 1-0

[Event "Puerto del Rosario op U2300 "]
[Site "Puerto del Rosario"]
[Date "2018.09.27"]
[Round "1"]
[White "Wagner, Bernd"]
[Black "Macias Reyes, Jose Luis"]
[Result "1-0"]
[WhiteElo "2144"]
[BlackElo "1576"]
[PlyCount "35"]
[EventDate "2018.09.27"]
[EventType "swiss"]
[EventRounds "7"]
[EventCountry "ESP"]
[SourceTitle "CBM 187 Extra"]
[Source "ChessBase"]
[SourceDate "2018.11.04"]
[SourceVersion "1"]
[SourceVersionDate "2018.11.04"]
[SourceQuality "1"]

1. e4 c6 2. d4 d5 3. e5 Bf5 4. Nf3 e6 5. Be2 c5 6. 0-0 Nc6 7. Be3 Qb6 8. Nc3 cxd4 9. Nxd4 Qd8 10. Nxf5 exf5 11. Nxd5 Nxe5 12. Bb5+ Nc6 13. Re1 Be7 14. Nxe7 Ngxe7 15. Bxc6+ bxc6 16. Bc5 Qxd1 17. Raxd1 Rd8 18. Rxe7+ 1-0